000 00859nam a2200229 a 4500
001 41338
003 BD-RjUL
005 20211209053352.0
008 160529s1968 bg ||||| |||| 00| 0 ben d
020 _c: TK 6.50
035 _a(BD-RjUL)41455
040 _aBD-RjUL
_bben
_cBD-RjUL
041 _aben
082 _223
_a891.4409
_bHAS 1968
100 _aহক, আবদুল
_9127123
245 1 0 _aসাহিত্য ঐতিহ্য মূল্যবোধ /
_cআবদুল হক
260 _aঢাকা :
_bসমকাল প্রকাশনী,
_c১৯৬৮
300 _a[৮], ২৫৫ পৃ. ;
_c২১ সেমি.
650 _aবাংলা সাহিত্য
_xইতিহাস ও সমালোচনা
_9127124
650 _aBengali Literature
_xHistory & Criticism
_9127125
942 _2ddc
_cBK
_01
999 _c41338
_d41338